000 00256nam a22001217a 4500
008 210707s2006 xx 000 0 und d
041 _aeng
082 _a052 RAKN
100 _aRodrigues, Francis
245 _aRakno
260 _c2006
906 _aRaknno
999 _c179710
_d179710